| 000 | 00705nam a2200229 a 4500 | ||
|---|---|---|---|
| 001 | BRCA_3486 | ||
| 005 | 20190320204315.0 | ||
| 020 | _a382285042X | ||
| 041 | _aeng | ||
| 044 | _aenk | ||
| 050 | 4 |
_aNK1390 _b.S47 2006 |
|
| 245 | 1 | 0 |
_a60s Decorative Art _bA source book _cedited by Charlotte and Peter Fiell. |
| 260 |
_aLondres _bTaschen _c2006 |
||
| 300 |
_a575 p. _bil. (algunas a color) _c19 cm. |
||
| 500 | _aIncluye índice onomástico | ||
| 546 | _aTexto en : español, italiano, portugués e inglés | ||
| 650 | 1 | 4 |
_aDiseño _xHistoria _ySiglo XX _93189 |
| 650 | 1 | 4 |
_aArtes decorativas _xHistoria _ySiglo XX _92311 |
| 700 | 1 |
_aFiell, Charlotte _99070 |
|
| 700 | 1 |
_aFiell, Peter _99071 |
|
| 942 |
_2lcc _cB |
||
| 999 |
_c3222 _d3222 |
||